000 01066nam a22002657a 4500
005 20240530110945.0
008 160903s2013 ua g 000 0bara d
017 _a2012/8093
_bمصر . دار الكتب والوثائق القوميه .
020 _a9789772160594
040 _aEG-CaGPL
082 0 4 _2ط21 .
_a922.113/
_bك ا .
100 1 _aكوستيه فرنسين .
245 1 _aإصلاحى فى جامعة الازهر :
_bاعمال مصطفى المراغى و فكره /
_cكوستيه فرنسين ، تارديو
250 _aط1 ،
260 _aالقاهره :
_bالمركز القومى للترجمه ،
_c2013 .
300 _a408 ص ؛
_c24 سم .
504 _aببليوجرافيه : ص373 - 376 .
650 0 4 _aجامعه الازهر
_xتاريخ
650 0 4 _aمصطفى المراغى
_xالاعمال الكامله
650 0 4 _aمصطفى المراغى
650 0 4 _aالازهر
_xرجال
700 0 _aعاصم عبد ربه حسين
_eمترجم
942 _2ddc
_cBK
999 _c66888
_d66888